000 00729nam a2200193Ia 4500
008 151119s9999||||xx |||||||||||||| ||und||
082 _a891.443
082 _bGKKV32652
100 _a"नसरीन , तस्लिमा"
245 _aलज्जा अनु:- सै. लीना सोहोनी
260 _aपुणे
260 _bमेहता पब्लीशिग हाउस
260 _c2013
600 _a"नसरीन , तस्लिमा"
630 _aलज्जा अनु:- सै. लीना सोहोनी
700 _a"नसरीन , तस्लिमा"
730 _aलज्जा अनु:- सै. लीना सोहोनी
942 _cBOOK
999 _c1084954
_d1084951